Bodies of Water by Satellite Image #2 - Statistics

General Stats
  • This quiz has been taken 19,760 times
  • The average score is 10 of 16
Answer Stats
Picture Answer % Correct
Red Sea
96%
Black Sea
92%
North Sea
88%
Strait of {Gibraltar}
87%
{Bering} Strait
79%
Lake Michigan
77%
Bay of Bengal
75%
Lake Superior
64%
Lake Baikal
62%
Bay of Biscay
61%
Lake Victoria
61%
{Aral} Sea
59%
{Irish} Sea
55%
Lake Nicaragua
33%
Great Bear Lake
28%
Great Salt Lake
21%
No matching quizzes found
Score Distribution
Percent of People with Each Score
Percentile by Number Answered
Your Score History
You have not taken this quiz